[Event "ARG-ch U1700"]
[Site "Tacuari"]
[Date "2018.11.18"]
[Round "5"]
[White "Casanas, Juan Pablo"]
[Black "Berlingieri, Fernando Omar"]
[Result "1-0"]
[WhiteElo "1587"]
[BlackElo "1672"]
[PlyCount "56"]
[EventDate "2018.11.16"]
[EventType "swiss"]
[EventRounds "8"]
[EventCountry "ARG"]
[SourceTitle "EXT 2020"]
[Source "ChessBase"]
[SourceDate "2019.10.17"]
[SourceVersion "1"]
[SourceVersionDate "2019.10.17"]
[SourceQuality "1"]

1. e4 Nc6 2. d4 e5 3. d5 Nce7 4. c4 Ng6 5. Nc3 a6 6. Nf3 Bc5 7. a3 d6 8. h3 Nf6 9. g3 Bd7 10. Bg2 Qe7 11. Qd3 h6 12. b4 Ba7 13. Be3 Bxe3 14. Qxe3 0-0 15. 0-0 Nh5 16. Nd2 b6 17. Rfc1 Nf6 18. Ne2 Nh7 19. c5 dxc5 20. bxc5 f5 21. exf5 Rxf5 22. c6 Bc8 23. Rab1 Rh5 24. g4 Rh4 25. Nf3 Bxg4 26. Nxh4 Bxe2 27. Nxg6 Qf6 28. Qxe2 Qxg6 1-0

[Event "ARG-ch U1700"]
[Site "Tacuari"]
[Date "2018.11.17"]
[Round "4"]
[White "Lucero, Franco Damian"]
[Black "Casanas, Juan Pablo"]
[Result "1/2-1/2"]
[WhiteElo "1369"]
[BlackElo "1587"]
[PlyCount "109"]
[EventDate "2018.11.16"]
[EventType "swiss"]
[EventRounds "8"]
[EventCountry "ARG"]
[SourceTitle "EXT 2020"]
[Source "ChessBase"]
[SourceDate "2019.10.17"]
[SourceVersion "1"]
[SourceVersionDate "2019.10.17"]
[SourceQuality "1"]

1. e4 c5 2. d3 Nc6 3. Nf3 d6 4. b3 Nf6 5. Bb2 Qc7 6. Nc3 a6 7. Nd5 Nxd5 8. exd5 Ne5 9. Nxe5 dxe5 10. Be2 g6 11. f4 Bg7 12. 0-0 0-0 13. Bxe5 Bxe5 14. fxe5 Qxe5 15. c4 e6 16. Bf3 Rb8 17. Qd2 exd5 18. Bxd5 Be6 19. Bxe6 Qxe6 20. Rae1 Qd6 21. Rd1 Rbd8 22. Qf4 Qd4+ 23. Qxd4 Rxd4 24. Rf3 f5 25. Re3 Rfd8 26. g3 Kg7 27. Kf2 Kf6 28. Ke2 f4 29. gxf4 Rxf4 30. Rf1 g5 31. Rxf4+ gxf4 32. Re4 Rd4 33. Rxd4 cxd4 34. Kf3 Kf5 35. b4 b6 36. a4 a5 37. bxa5 bxa5 38. c5 Ke5 39. c6 Kd6 40. c7 Kxc7 41. Kxf4 Kc6 42. Ke5 Kc5 43. Ke4 Kb4 44. Kxd4 Kxa4 45. Kc3 Kb5 46. d4 a4 47. d5 a3 48. d6 Kc6 49. Kb3 Kxd6 50. Kxa3 Ke5 51. Kb3 Kf4 52. Kc3 Kg4 53. Kd3 Kh3 54. Ke3 Kxh2 55. Kf2 1/2-1/2